| 000 | 00697cam a2200253 4500500 | ||
|---|---|---|---|
| 005 | 20260405001909.0 | ||
| 041 | _afre | ||
| 042 | _adc | ||
| 100 | 1 | 0 |
_aLegros, Martin _eauthor |
| 245 | 0 | 0 | _aComment arrêter de subir ? |
| 260 | _c2014. | ||
| 500 | _a24 | ||
| 690 | _aAlbert O. Hirschman | ||
| 690 | _aCapitalisme | ||
| 690 | _aExit | ||
| 690 | _aLibéralisme | ||
| 690 | _aRéforme | ||
| 690 | _aRésistance | ||
| 690 | _aRévolte | ||
| 690 | _aSubir | ||
| 690 | _aVoice | ||
| 786 | 0 | _nPhilosophie magazine | 85 | 12-1 | 2014-12-01 | p. 43-43 | 1951-1787 | |
| 856 | 4 | 1 | _uhttps://shs.cairn.info/magazine-philosophie-magazine-2014-12-1-page-43?lang=fr&redirect-ssocas=7080 |
| 999 |
_c2052130 _d2052130 |
||